000 00601nam a2200229Ia 4500
003 OSt
005 20221007074246.0
006 a|||||r|||| 00| 0
007 ta
008 221006b |||||||| |||| 00| 0 eng d
024 _a16,772
037 _cTextual
040 _aFLL
_cFLL
_beng
041 _2eng
_aeng
082 _aY1:6.41.N5, K4
100 _aFeuerwerker Albert
_9235421
245 0 _aModern China
260 _aN.J.
_bPrentice-Hall, Inc. N.J.
_c1964
300 _a186p
_ccm.
942 _hY1:6.41.N5, K4
_cTEXL
_2CC
999 _c1151724
_d1151724